<?xml version="1.0" encoding="UTF-8"?>
<record
    xmlns:xsi="http://www.w3.org/2001/XMLSchema-instance"
    xsi:schemaLocation="http://www.loc.gov/MARC21/slim http://www.loc.gov/standards/marcxml/schema/MARC21slim.xsd"
    xmlns="http://www.loc.gov/MARC21/slim">

  <leader>00913nam a2200205Ia 4500</leader>
  <controlfield tag="003">IN-BaIIA</controlfield>
  <controlfield tag="008">211028s9999    xx            000 0 eng d</controlfield>
  <datafield tag="040" ind1=" " ind2=" ">
    <subfield code="c">IIA Library</subfield>
  </datafield>
  <datafield tag="080" ind1=" " ind2=" ">
    <subfield code="a">538(063)</subfield>
    <subfield code="b">HYD</subfield>
  </datafield>
  <datafield tag="111" ind1=" " ind2=" ">
    <subfield code="a">Workshop in Honour of Professor Wasaburo Unno's 60th Birthday</subfield>
    <subfield code="c">Hotel Komaba Eminence</subfield>
    <subfield code="d">1986 Feb. 25-28</subfield>
    <subfield code="9">15116</subfield>
  </datafield>
  <datafield tag="245" ind1=" " ind2="0">
    <subfield code="a">Hydrodynamic and magnetohydrodynamic problems in the sun and Stars</subfield>
    <subfield code="b">proceedings of the Workshop in honour of Professor Wasaburo Unno's 60th birthday, held in Hotel Komaba Eminence, Tokyo, 25 - 28 February 1986</subfield>
    <subfield code="c">edited by Y. Osaki                                             </subfield>
  </datafield>
  <datafield tag="260" ind1=" " ind2=" ">
    <subfield code="a">Tokyo</subfield>
    <subfield code="b">Department of Astronomy</subfield>
    <subfield code="c">1986</subfield>
  </datafield>
  <datafield tag="300" ind1=" " ind2=" ">
    <subfield code="a">[various pagings.]</subfield>
  </datafield>
  <datafield tag="650" ind1=" " ind2=" ">
    <subfield code="a">Astronomy and Astrophysics thesaurus</subfield>
  </datafield>
  <datafield tag="650" ind1=" " ind2=" ">
    <subfield code="a">Hydrodynamics</subfield>
    <subfield code="9">1514</subfield>
  </datafield>
  <datafield tag="650" ind1=" " ind2=" ">
    <subfield code="a">Magnetohydrodynamics</subfield>
    <subfield code="9">1666</subfield>
  </datafield>
  <datafield tag="650" ind1=" " ind2=" ">
    <subfield code="a">Plasma waves</subfield>
    <subfield code="9">4296</subfield>
  </datafield>
  <datafield tag="700" ind1=" " ind2=" ">
    <subfield code="a">Osaki, Y., ed.</subfield>
    <subfield code="9">15117</subfield>
  </datafield>
  <datafield tag="942" ind1=" " ind2=" ">
    <subfield code="c">BK</subfield>
  </datafield>
  <datafield tag="999" ind1=" " ind2=" ">
    <subfield code="c">8991</subfield>
    <subfield code="d">8991</subfield>
  </datafield>
  <datafield tag="952" ind1=" " ind2=" ">
    <subfield code="0">0</subfield>
    <subfield code="1">0</subfield>
    <subfield code="4">0</subfield>
    <subfield code="7">0</subfield>
    <subfield code="a">BAN</subfield>
    <subfield code="b">BAN</subfield>
    <subfield code="c">GEN</subfield>
    <subfield code="d">1987-03-24</subfield>
    <subfield code="l">0</subfield>
    <subfield code="o">538(063)/ HYD</subfield>
    <subfield code="p">9882</subfield>
    <subfield code="r">2021-11-05</subfield>
    <subfield code="w">1987-03-24</subfield>
    <subfield code="y">BK</subfield>
  </datafield>
</record>
